000 00784nam a22002537a 4500
003 UA-OsUOA
001 26761
007 ta
008 20040609b un ||||| |||| 00| 0 ukr d
100 _aБеренбаум И. Е.
090 _a655.11
_bБ48
942 _cBK
040 _aUA-OsUOA
_brus
_cUA-OsUOA
_dUA-OsUOA
245 _aИстория книги
_bучебник для вузов
300 _a248 с.
955 _a2
041 _arus
080 _a655.11
260 _aМ.
_bКнига
_c1984
044 _aRU
250 _n2-е изд., испр. и доп.
650 7 _a655 Поліграфічна промисловість. Поліграфічні підприємства. Видавництва. Книжкова торгівля
_2UDC
999 _c313089
_d313089